| Tag |
First Indicator |
Second Indicator |
Subfields |
| LEADER |
00000cgm a2200000Mi 4500 |
| 001 |
in00005509539 |
| 006 |
m o c |
| 007 |
vz |za||| |
| 007 |
cr |za|||||||| |
| 008 |
170323s2017 enk035 f o vleng d |
| 005 |
20241105202551.6 |
| 035 |
|
|
|a (OCoLC)on1017722739
|
| 040 |
|
|
|a SGPBL
|b eng
|e rda
|e pn
|c SGPBL
|d OCLCO
|d OCLCF
|d NRC
|d OCLCO
|
| 019 |
|
|
|a 1097130527
|
| 020 |
|
|
|a 9781526406583
|q (streaming video)
|
| 020 |
|
|
|a 1526406586
|
| 035 |
|
|
|a (OCoLC)1017722739
|z (OCoLC)1097130527
|
| 041 |
0 |
|
|a eng
|j eng
|
| 050 |
|
4 |
|a HD7287.3
|b .H68 2017
|
| 082 |
0 |
4 |
|a 363.5
|
| 049 |
|
|
|a TXAM
|
| 245 |
0 |
0 |
|a Housing policy.
|
| 264 |
|
1 |
|a London :
|b SAGE Publications Ltd.,
|c 2017.
|
| 300 |
|
|
|a 1 online resource (1 video file (34 min., 26 sec.)) :
|b sound, colour.
|
| 336 |
|
|
|a two-dimensional moving image
|b tdi
|2 rdacontent
|
| 337 |
|
|
|a computer
|b c
|2 rdamedia
|
| 337 |
|
|
|a video
|b v
|2 rdamedia
|
| 338 |
|
|
|a online resource
|b cr
|2 rdacarrier
|
| 511 |
0 |
|
|a Practitioner, Mary Jones.
|
| 520 |
8 |
|
|a Mary Jones discusses housing policy and housing counseling. Housing counseling helps educate the community about housing and how life is connected to housing. Jones discusses financial assessments, responsible housing, and budgeting.
|
| 546 |
|
|
|a Closed-captioned in English.
|
| 588 |
|
|
|a Description based on XML content.
|
| 650 |
|
0 |
|a Housing policy.
|
| 650 |
|
0 |
|a Group counseling.
|
| 650 |
|
6 |
|a Logement
|x Politique gouvernementale.
|
| 650 |
|
6 |
|a Counseling de groupe.
|
| 650 |
|
7 |
|a Group counseling.
|2 fast
|0 (OCoLC)fst00948370
|
| 650 |
|
7 |
|a Housing policy.
|2 fast
|0 (OCoLC)fst00962432
|
| 700 |
1 |
|
|a Jones, Mary,
|e on-screen presenter.
|
| 856 |
4 |
0 |
|u http://proxy.library.tamu.edu/login?url=https://sk.sagepub.com/video/housing-policy
|z Connect to this streaming video
|t 0
|
| 955 |
|
|
|a SAGE Video Sociology
|
| 994 |
|
|
|a 92
|b TXA
|
| 999 |
f |
f |
|s 3facbdd6-cdc7-4bb8-8a20-baa30130ca26
|i dd55fab4-bc1a-4e6e-bdae-0ea82e627d22
|t 0
|
| 952 |
f |
f |
|a Texas A&M University
|b College Station
|c Electronic Resources
|d Available Online
|t 0
|e HD7287.3 .H68 2017
|h Library of Congress classification
|
| 998 |
f |
f |
|a HD7287.3 .H68 2017
|t 0
|l Available Online
|